<?xml version="1.0" encoding="UTF-8"?><?xml-stylesheet type="text/xsl" href="static/style.xsl"?><OAI-PMH xmlns="http://www.openarchives.org/OAI/2.0/" xmlns:xsi="http://www.w3.org/2001/XMLSchema-instance" xsi:schemaLocation="http://www.openarchives.org/OAI/2.0/ http://www.openarchives.org/OAI/2.0/OAI-PMH.xsd"><responseDate>2026-06-05T14:45:18Z</responseDate><request verb="GetRecord" identifier="oai:riuma.uma.es:10630/19036" metadataPrefix="marc">https://riuma.uma.es/rest/oai/request</request><GetRecord><record><header><identifier>oai:riuma.uma.es:10630/19036</identifier><datestamp>2026-02-03T10:19:57Z</datestamp><setSpec>com_10630_1685</setSpec><setSpec>col_10630_38055</setSpec></header><metadata><record xmlns="http://www.loc.gov/MARC21/slim" xmlns:dcterms="http://purl.org/dc/terms/" xmlns:doc="http://www.lyncode.com/xoai" xmlns:xsi="http://www.w3.org/2001/XMLSchema-instance" xsi:schemaLocation="http://www.loc.gov/MARC21/slim http://www.loc.gov/standards/marcxml/schema/MARC21slim.xsd">
   <leader>00925njm 22002777a 4500</leader>
   <datafield ind2=" " ind1=" " tag="042">
      <subfield code="a">dc</subfield>
   </datafield>
   <datafield ind2=" " ind1=" " tag="720">
      <subfield code="a">Velázquez Pulido, Carlos</subfield>
      <subfield code="e">author</subfield>
   </datafield>
   <datafield ind2=" " ind1=" " tag="260">
      <subfield code="c">2019-12-12</subfield>
   </datafield>
   <datafield ind2=" " ind1=" " tag="520">
      <subfield code="a">El objetivo de este Trabajo de Fin de Grado es el desarrollo de una aplicación web para la gestión de incidencias y peticiones en la Administración Pública, que permitirá facilitar el mantenimiento en la Administración.&#xd;
Los contenidos y funcionalidades de la aplicación se dividen en cuatro partes: una para el usuario normal (el trabajador de la Administración), otra para los técnicos, otra para técnicos administradores y, por último, una para el administrador o super usuario de la aplicación.&#xd;
Se trata de una aplicación web que requiere estar identificado para poder acceder a ella, por ello una vez iniciada sesión:&#xd;
El empleado podrá crear incidencias y peticiones, consultar aquellas que sean públicas o del departamento al que pertenecen e ir gestionando sus propias incidencias/peticiones añadiendo anotaciones y archivos adjuntos.&#xd;
El técnico podrá subsanar las incidencias y gestionar las peticiones informando al usuario creador mediante anotaciones.&#xd;
El técnico administrador podrá asignar las incidencias y peticiones que se van creando a los técnicos que considere oportuno.&#xd;
El administrador podrá crear la estructura de la organización, además de una serie de datos que ayudan a catalogar y manejar los distintos tipos de incidencia y petición, y, por último, es el que se ocupa de la gestión de usuarios.</subfield>
   </datafield>
   <datafield ind1="8" ind2=" " tag="024">
      <subfield code="a">https://hdl.handle.net/10630/19036</subfield>
   </datafield>
   <datafield tag="653" ind2=" " ind1=" ">
      <subfield code="a">Administración Pública - Proceso de datos</subfield>
   </datafield>
   <datafield tag="653" ind2=" " ind1=" ">
      <subfield code="a">Aplicaciones (Software)</subfield>
   </datafield>
   <datafield tag="653" ind2=" " ind1=" ">
      <subfield code="a">Informática - Trabajos Fin de Grado</subfield>
   </datafield>
   <datafield tag="653" ind2=" " ind1=" ">
      <subfield code="a">Grado en Ingeniería Informática - Trabajos Fin de Grado</subfield>
   </datafield>
   <datafield ind2="0" ind1="0" tag="245">
      <subfield code="a">Aplicación web para la gestión de incidencias y peticiones en la Administración Pública</subfield>
   </datafield>
</record>
</metadata></record></GetRecord></OAI-PMH>